សុជីវធម៏ បុរស-ស្រ្តី / (Record no. 6106)

MARC details
000 -LEADER
fixed length control field 00660nam a22002177a 4500
001 - CONTROL NUMBER
control field 6106
003 - CONTROL NUMBER IDENTIFIER
control field FISKH
005 - DATE AND TIME OF LATEST TRANSACTION
control field 20250314105709.0
008 - FIXED-LENGTH DATA ELEMENTS--GENERAL INFORMATION
fixed length control field 250314b cb ||||| |||| 00| 0 eng d
040 ## - CATALOGING SOURCE
Original cataloging agency FISKH
Language of cataloging Khmer
Transcribing agency FISKH
Modifying agency FISKH
050 ## - LIBRARY OF CONGRESS CALL NUMBER
Classification number PZ7
082 ## - DEWEY DECIMAL CLASSIFICATION NUMBER
Classification number 200
100 ## - MAIN ENTRY--PERSONAL NAME
Personal name Neang, Sun
245 ## - TITLE STATEMENT
Title សុជីវធម៏ បុរស-ស្រ្តី /
Statement of responsibility, etc. កញ្ញា សាន់ នាង
260 ## - PUBLICATION, DISTRIBUTION, ETC.
Place of publication, distribution, etc. Phnom Penh :
Date of publication, distribution, etc. 1967.
300 ## - PHYSICAL DESCRIPTION
Extent 97​​ pages :
Other physical details illustrations ;
Dimensions 20 cm .
650 ## - SUBJECT ADDED ENTRY--TOPICAL TERM
Topical term or geographic name entry element សុជីវធម៏ បុរស-ស្រ្តី
650 ## - SUBJECT ADDED ENTRY--TOPICAL TERM
Topical term or geographic name entry element Men's and women's behavior
942 ## - ADDED ENTRY ELEMENTS (KOHA)
Source of classification or shelving scheme Dewey Decimal Classification
Koha item type Books
Suppress in OPAC No
Holdings
Withdrawn status Lost status Source of classification or shelving scheme Damaged status Not for loan Collection Home library Current library Shelving location Date acquired Total Checkouts Full call number Barcode Date last seen Copy number Price effective from Koha item type
    Dewey Decimal Classification     Khmer Language Books / សៀវភៅភាសាខ្មែរ Footprints International School Library Network Toul Tom Poung Campus Footprints International School Library Network Toul Tom Poung Campus TTP Secondary Khmer Bookshelves 03/14/2025   NEA PZ7 200 FISSE02121 03/14/2025 1 03/14/2025 Books
    Dewey Decimal Classification     Khmer Language Books / សៀវភៅភាសាខ្មែរ Footprints International School Library Network Toul Tom Poung Campus Footprints International School Library Network Toul Tom Poung Campus TTP Secondary Khmer Bookshelves 03/14/2025   NEA PZ7 200 FISSE02109 03/14/2025 2 03/14/2025 Books
    Dewey Decimal Classification     Khmer Language Books / សៀវភៅភាសាខ្មែរ Footprints International School Library Network Toul Tom Poung Campus Footprints International School Library Network Toul Tom Poung Campus TK Old Khmer Books (Rear Hallway Shelf 3) 08/22/2025   NEA PZ7 200 FISSE02113 08/22/2025 3 08/22/2025 Khmer Books